000 00969nam a22002777a 4500
005 20110906142021.0
008 110906t xxu||||| |||| 00| 0 eng d
010 _aENG-103633
020 _a9788120344006
_c250.00
035 _aEN-87166
037 _bDBAD/PUB
040 _aDPL
_bEng
082 _a300.72
100 _934250
_aMcTavish, Don G.
245 _aSocial research :
_cby Don G. McTavish [and] Herman J. Loether
_ban evolving process /
250 _a2nd ed
260 _aNew Delhi
_bPHI Learning
_c2011
270 _aM-97, Connaught Circus
_bNew Delhi
_e110001
300 _axiii,354p.
_c24cm (pbk)
500 _aIncludes bibliographical references and index.
610 _934253
650 _934251
700 _934258
_aLoether, Herman J.
942 _2ddc
_cEN
_h300.72
_mMCT
999 _c56432
_d56432